Trouvez les paroles - Tourner la Page - Zaho - Statistiques

Statistiques générales
  • Ce quiz a été pris 67 fois
  • Le résultat moyen est 285 sur 388
Statistiques - réponses
Réponse % Correct
je
98%
la
98%
de
94%
ma
92%
me
92%
page
90%
tourner
90%
laisse
88%
le
88%
à
86%
vie
86%
les
82%
pas
82%
pour
82%
m'emporter
80%
porter
80%
mots
78%
qui
78%
des
76%
et
76%
j'ai
76%
74%
ou
74%
sur
74%
temps
74%
route
72%
dans
70%
j'essaie
70%
pardonner
70%
plein
70%
vu
70%
cette
68%
j'entends
68%
m'appelle
68%
paysages
68%
plume
68%
si
68%
avec
66%
muets
66%
ne
66%
sans
66%
vais
66%
c'est
64%
facile
64%
images
64%
savoir
64%
oublier
62%
quand
62%
que
62%
un
62%
coule
60%
mon
60%
plier
60%
sablier
60%
une
60%
mes
56%
peins
56%
j'avance
54%
nuages
54%
sortie
54%
au
52%
cage
52%
joies
52%
peines
52%
chanson
50%
présent
50%
d'un
48%
étage
48%
plane
48%
suis
48%
vous
48%
"courage"
46%
dire
46%
juste
46%
passé
46%
aujourd'hui
44%
chante
44%
comme
44%
"merci
44%
mouette
44%
ceux
42%
moment
42%
montée
42%
poète
42%
libre
40%
même
40%
volage
40%
aime"
38%
"dommage"
38%
ivre
38%
m'arrête
38%
m'échappe
38%
nage
38%
rattrape
38%
sous
38%
beau
36%
doute
36%
océan
36%
traque
36%
visages
36%
l'orage
34%
m'écoutent
34%
se
34%
hommage
32%
soupire
32%
large
30%
rends
30%
j'accompagne
28%
lorsque
28%
rage
28%
ombre
26%
otages
26%
solitaires
26%
dépose
24%
lâche
24%
j'écris
20%
sentent
12%
d'eux-mêmes
10%
vague
10%
Aucun quiz correspondant
Distribution des résultats
% des personnes avec chaque résultat
Percentile par nombre de réponses
Votre historique - résultats
Vous n’avez pas pris ce quiz